000 01190nam a2200289Ia 4500
001 ebr10377787
003 CaPaEBR
006 m u
007 cr cn|||||||||
008 091008s2010 enk sb 001 0 eng d
010 _z 2009041399
020 _z9780470517055
040 _aCaPaEBR
_cCaPaEBR
035 _a(OCoLC)613324729
050 1 4 _aRA1057
_b.M45 2010eb
100 1 _aMeier-Augenstein, Wolfram.
245 1 0 _aStable isotope forensics
_h[electronic resource] :
_ban introduction to the forensic application of stable isotope analysis /
_cWolfram Meier-Augenstein.
260 _aChichester, West Sussex ;
_aHoboken, NJ :
_bJ. Wiley,
_c2010.
300 _axxiv, 271 p.
504 _aIncludes bibliographical references and index.
533 _aElectronic reproduction.
_bPalo Alto, Calif. :
_cebrary,
_d2010.
_nAvailable via World Wide Web.
_nAccess may be limited to ebrary affiliated libraries.
650 0 _aChemistry, Forensic.
650 0 _aStable isotopes.
655 7 _aElectronic books.
_2local
710 2 _aebrary, Inc.
856 4 0 _uhttp://site.ebrary.com/lib/rucke/Doc?id=10377787
_zAn electronic book accessible through the World Wide Web; click to view
999 _c97592
_d97592